LEADER 01278nam a2200301 u 4500 001 000000006653 003 CaOOAMICUS 005 20070226104910.0 008 941029c19781977it u000 u ita u 035 $a10172803 040 $aPUL(R)$bita 041 0 $aita$agrc$ager 245 00$aSu Cristo :$bil grande dibattito nel quarto secolo /$cApollinare ... [et al.] ; testi originali, introduzione, note e traduzione a cura di Enzo Bellini. 250 $a1. ed. 260 $aMilano :$bJaca Book,$c1978, c1977. 300 $avii, 567 p. ;$c23 cm 490 1 $aDi fronte e attraverso ;$v35 500 $aComprende indici. 600 04$aIesus Christus$xTeologia$xStoria.$0(OLS)http://pul/subject/3017 650 4$aPadri della Chiesa greci$xCollezioni.$0(OLS)http://pul/subject/5899 700 1 $aBellini, Enzo.$0(OLS)http://pul/name/6756 830 0$aDi fronte e attraverso ;$v35.$0(OLS)http://pul/title/138 850 $aPUL 852 $aPUL$W1$xSL Religione 1$y3$m65 E 87$j9417$nBK-PRI$b $qStampati$B9417$CPULBib$Z2$F9417 $H $81 941 1 $a8 961 $aINV: 74407 996 $6245$aSu Cristo :$bil grande dibattito nel quarto secolo$9(OLS)http://pul/title/9773 996 $6260$aMilano :$bJaca Book$9(OLS)http://pul/publisher/47900 LEADER 01685nam a2200349 a 4500 001 000000039742 003 CaOOAMICUS 005 20130717130315.0 008 980519s19281929fr u000 u fre r 035 $a10795216 040 $aPUL(R)$bita 100 1 $aCurti, Arthur.$0(OLS)http://pul/name/29510 245 10$aManuel de droit civil et commercial anglais /$cArthur Curti. 260 $aParis :$bPayot,$c1928-1929. 300 $a2 v. ;$c24 cm 490 1 $aBibliothèque technique 500 $aInclude indici. 502 $av. 1. Droit civil -- v. 2. Droit commercial. 650 4$aDiritto romano.$0(OLS)http://pul/subject/382 650 4$aDiritto commerciale.$0(OLS)http://pul/subject/1505 650 4$aDiritto$zInghilterra.$0(OLS)http://pul/subject/12551 830 0$aBibliothèque technique.$0(OLS)http://pul/title/53777 850 $aPUL 852 $aPUL$W1$xDP2 Diritto e Scienze Sociali 1$y65$m176 E 12$j54117$nBK-PRI$av. 2$qStampati$B54118$CPULBib$Z2$F54118 $82 852 $aPUL$W1$xDP2 Diritto e Scienze Sociali 1$y65$m176 E 11$j155385$nBK-PRI$av. 1$qStampati$B54117$CPULBib$Z2$F54117 $82 941 1 $a8 960 $aRoman law$9382 960 $aRoman law$9382 961 $aPrecedente collocazione: Bibliotheca Pontificium Institutum Utriusque Iuris (174 C 19).Timbro: Bibliotheca Pontificium Institutum Utriusque Iuris. 961 $aPrecedente collocazione: Bibliotheca Pontificium Institutum Utriusque Iuris (176 C 20).Timbro: Bibliotheca Pontificium Institutum Utriusque Iuris. 996 $6245$aManuel de droit civil et commercial anglais$9(OLS)http://pul/title/53776 996 $6260$aParis :$bPayot$9(OLS)http://pul/publisher/48230